The European executive

Gespeichert in:
Bibliographische Detailangaben
1. Verfasser: Granick, David
Format: Buch
Sprache:Undetermined
Veröffentlicht: New York Doubleday 1962
Schlagworte:
Tags: Tag hinzufügen
Keine Tags, Fügen Sie den ersten Tag hinzu!
Thư viện lưu trữ: Trung tâm Học liệu Trường Đại học Cần Thơ
LEADER 00445nam a2200181Ia 4500
001 CTU_79036
008 210402s9999 xx 000 0 und d
082 |a 658 
082 |b G759 
100 |a Granick, David 
245 4 |a The European executive 
245 0 |c David Granick 
260 |a New York 
260 |b Doubleday 
260 |c 1962 
650 |a Excutive 
650 |z Europe 
980 |a Trung tâm Học liệu Trường Đại học Cần Thơ